• 首页
  • 本馆介绍
  • 公告通知
  • 最新文献
  • 馆藏检索
  • 电子资源
  • 读者导购
  • 参考咨询
  • 我的图书馆
  • 登录
  • 详细信息显示
  • 放入我的书架
  • 预约/预借图书
  • 作者相关作品
  • 分类相关作品
  • 丛书相关作品
  • 出版社相关作品

书目信息

  • 表格格式
  • 工作单格式
  • 卡片格式
题名:
国产集成电路应用160例
    
 
作者: 周仲 高孝棠 编
分册:  
出版信息: 上海   上海市业余工业大学全日制轻工分校  
页数: 324页
开本: 20cm
丛书名:
单 册:
中图分类: TN4
科图分类:
主题词: 微电子技术 , 集成电路
电子资源:
ISBN:
000 00587nam0 2200193 450
001 0631931541
005 20060814085350.71
010    @dCNY1.30
100    @a20060814d km y0chiy0120 ea
101 0  @achi
200 1  @a国产集成电路应用160例@Aguo chan ji cheng dian lu ying yong 160 li@f周仲 高孝棠 编@Fzhou zhong gao xiao tang bian
210    @a上海@c上海市业余工业大学全日制轻工分校
215    @a324页@d20cm
606 0  @a微电子技术
606 0  @a集成电路
690    @aTN4@v3
701  0 @a周仲 高孝棠@Azhou zhong gao xiao tang@4编
801  0 @aCN@bPFT@c20060814
905    @a10447@dTN4@e102
    
    国产集成电路应用160例/周仲 高孝棠 编.-上海:上海市业余工业大学全日制轻工分校
    324页;20cm
    
    
    ISBN :CNY1.30
    
●
相关链接 在E读中查询图书 在五车中查询图书 在当当中查询图书 在豆瓣中查询图书


正题名:国产集成电路应用160例     索取号:TN4/102         预约/预借

序号 登录号 条形码 馆藏地/架位号 状态 备注
1 0457988   204579884   密集书库/ [索取号:TN4/102] 在馆    
唐山师范学院图书馆 欢迎您!
大连网信软件有限公司© 版权所有